00796 2200289 4500001002100000005001700021008004100038020002200079035002400101040001200125082001800137084001800155090001800173100001600191245008000207250000900287260003300296300003100329440003100360650001100391700002000402850001200422990001800434990001800452990001800470990001800488INLIS00000000000385420160729092637.0  a978-979-26-9397-3 0010-041500000000920 aYOPDYOG aK 538.2 Kim M aK 538.2 Kim M aK 538.2 Kim M aKIM, Ran-ju aMengapa magnet bisa menarik besi?c/Kim Ran-ju; penerjemah, Adinda Presanti aEd.1 aBandungbPelangi Mizanc2011 a37 hlm.b: ilus.c; 27 cm. aseri confidence in science aMagnet aAdinda Presanti aYOPDYOG a11055-PD/B.15 a11055-PD/B.15 a11056-PD/B.15 a11057-PD/B.15